Az új bolygó

Elmentve itt :
Bibliográfiai részletek
Szerző: Moller, Peter Ludwig
Adatforrás:Philobibl
Forrásdokumentuma:VULGO 2
2000. 3-4-5., 280-283. p.
Dokumentumtípus: Cikk
Nyelv:magyar
LEADER 00313nab a2200109 c 4500
001 bibDOK00019873
005 20200924121416.4
008 060518s2000 hu hun
100 1 |a Moller, Peter Ludwig 
245 1 3 |a Az új bolygó  |c Moller, Peter Ludwig 
500 |a ford. Magyar István 
773 0 |t VULGO 2  |g 2000. 3-4-5., 280-283. p.